| 000 | 00845nam a2200253Ia 4500 | ||
|---|---|---|---|
| 008 | 130821s2004 sp a gr spa | ||
| 020 | _a84 97242 320 8 | ||
| 040 |
_aCo-BoUCM _bspa |
||
| 041 | 0 | 0 | _aspa |
| 060 | _aWM 460 | ||
| 100 | 1 |
_aGarcía de la Hoz , Antonio _9169112 |
|
| 245 | 1 | 0 |
_aTeoría psicoanalítica _cAntonio García de la Hoz |
| 250 | _a2a. ed. | ||
| 260 |
_aMadrid (España) _bEditorial biblioteca nueva _c2004 |
||
| 300 |
_a510 páginas _bilustraciones |
||
| 490 | 0 |
_aBiblioteca nueva . _nColección Quipú _v1 |
|
| 504 | _aIncluye referencias bibliográficas e índice. | ||
| 650 |
_aComplejos (Psicología) _911276 |
||
| 650 |
_aEgo (Psicología) _913923 |
||
| 650 |
_aMente y cuerpo _919302 |
||
| 650 |
_aPsicoanálisis _922781 |
||
| 650 |
_aPsiquiatría _98004 |
||
| 942 |
_cLIBRO _a15 _e2 _mG215t _2NLM _hWM 460 _n0 |
||
| 999 |
_c75171 _d75171 |
||